The last things / (Record no. 20831)

MARC details
000 -LEADER
fixed length control field 01757cam a2200433 i 4500
001 - CONTROL NUMBER
control field 20869098
003 - CONTROL NUMBER IDENTIFIER
control field OSt
005 - DATE AND TIME OF LATEST TRANSACTION
control field 20251201152503.0
006 - FIXED-LENGTH DATA ELEMENTS--ADDITIONAL MATERIAL CHARACTERISTICS
fixed length control field m |o d |
007 - PHYSICAL DESCRIPTION FIXED FIELD--GENERAL INFORMATION
fixed length control field cr_|||||||||||
008 - FIXED-LENGTH DATA ELEMENTS--GENERAL INFORMATION
fixed length control field 190227t20192019ilu ob 001 0 eng
010 ## - LIBRARY OF CONGRESS CONTROL NUMBER
LC control number 2019009710
020 ## - INTERNATIONAL STANDARD BOOK NUMBER
International Standard Book Number 9780830888788
Qualifying information (digital)
020 ## - INTERNATIONAL STANDARD BOOK NUMBER
International Standard Book Number 9781783596652
Qualifying information (digital)
020 ## - INTERNATIONAL STANDARD BOOK NUMBER
Canceled/invalid ISBN 9780830815395
Qualifying information (UK :
-- print)
020 ## - INTERNATIONAL STANDARD BOOK NUMBER
Canceled/invalid ISBN 9781783596645
Qualifying information (UK :
-- print)
035 ## - SYSTEM CONTROL NUMBER
System control number 20869098
040 ## - CATALOGING SOURCE
Original cataloging agency DLC
Language of cataloging eng
Description conventions rda
Transcribing agency DLC
Modifying agency DLC
042 ## - AUTHENTICATION CODE
Authentication code pcc
050 00 - LIBRARY OF CONGRESS CALL NUMBER
Classification number BT821.3
Item number .H64 2019
082 00 - DEWEY DECIMAL CLASSIFICATION NUMBER
Classification number 236
Edition number 23
100 1# - MAIN ENTRY--PERSONAL NAME
Personal name Höhne, David A.,
Dates associated with a name 1967-
Relator term author.
245 14 - TITLE STATEMENT
Title The last things /
Statement of responsibility, etc. David A. Höhne.
264 #1 - PRODUCTION, PUBLICATION, DISTRIBUTION, MANUFACTURE, AND COPYRIGHT NOTICE
Place of production, publication, distribution, manufacture Downers Grove, IL, USA :
Name of producer, publisher, distributor, manufacturer IVP Academic, an imprint of InterVarsity Press,
Date of production, publication, distribution, manufacture, or copyright notice 2019.
264 #4 - PRODUCTION, PUBLICATION, DISTRIBUTION, MANUFACTURE, AND COPYRIGHT NOTICE
Date of production, publication, distribution, manufacture, or copyright notice ©2019
300 ## - PHYSICAL DESCRIPTION
Extent 1 online resource.
336 ## - CONTENT TYPE
Content type term text
Content type code txt
Source rdacontent
337 ## - MEDIA TYPE
Media type term computer
Media type code c
Source rdamedia
338 ## - CARRIER TYPE
Carrier type term online resource
Carrier type code cr
Source rdacarrier
490 0# - SERIES STATEMENT
Series statement Contours of Christian Theology
504 ## - BIBLIOGRAPHY, ETC. NOTE
Bibliography, etc Includes bibliographical references and index.
505 0# - FORMATTED CONTENTS NOTE
Formatted contents note Life in the middle -- Praying for the perfection of life in the middle -- The name above all names -- God's kingdom all in all -- The Father's will for one and all -- Good Lord, preserve us -- Good Lord, forgive us -- Good Lord, deliver us.
588 ## - SOURCE OF DESCRIPTION NOTE
Source of description note Description based on print version record and CIP data provided by publisher.
650 #0 - SUBJECT ADDED ENTRY--TOPICAL TERM
Topical term or geographic name as entry element Eschatology.
776 08 - ADDITIONAL PHYSICAL FORM ENTRY
Relationship information Print version:
Main entry heading Höhne, David A., 1967- author.
Title Last things
Place, publisher, and date of publication Downers Grove, IL, USA : IVP Academic, an imprint of InterVarsity Press, 2019
International Standard Book Number 9780830815395
Record control number (DLC) 2019002861
906 ## - LOCAL DATA ELEMENT F, LDF (RLIN)
a 7
b cbc
c origcop
d 1
e ecip
f 20
g y-gencatlg
942 ## - ADDED ENTRY ELEMENTS (KOHA)
Source of classification or shelving scheme Library of Congress Classification
Koha item type General Collection
Holdings
Withdrawn status Lost status Source of classification or shelving scheme Not for loan Home library Current library Shelving location Date acquired Source of acquisition Inventory number Total Checkouts Full call number Barcode Date last seen Copy number Price effective from Koha item type
    Library of Congress Classification   Kabarak, Main Campus Kabarak, Main Campus General Stacks 01/12/2025 Donation 2025/2421   BT821.3 .H64 2019 C.1 38924 01/12/2025 C.1 01/12/2025 General Collection
Designed with assistance from East African Informatics Ltd